Countries With 3% of the World’s Population - Statistics

General Stats
  • This quiz has been taken 31 times
  • The average score is 5 of 5
Answer Stats
Percent of World Population Country % Correct
17.80 China
100%
18.01 India
100%
4.27 United States
93%
3.50 Indonesia
86%
3.06 Pakistan
82%
No matching quizzes found
Score Distribution
Percent of People with Each Score
Percentile by Number Answered
Your Score History
You have not taken this quiz